Дифференциальное исчисление. Конспект лекций: учебное пособие

ग्रंथसूची विवरण
मुख्य लेखक: Имас О. Н. Ольга Николаевна
निगमित लेखक: Национальный исследовательский Томский политехнический университет (ТПУ)
सारांश:Заглавие с титульного экрана
Пособие представляет собой конспект лекций по курсу "Дифференциальное исчисление", который должен быть заполнен студентами, изучающими математику на неродном языке. Содержит необходимый теоретический материал для самостоятельной работы, адаптированный для иностранных студентов, точные формулировки определений и теорем. Доказательства и упражнения призваны развить высокую скорость конспектирования и выработать навык анализа и обсуждения на русском языке. Предназначено для иностранных студентов, изучающих математику на неродном языке.
Режим доступа: из корпоративной сети ТПУ
भाषा:रूसी
प्रकाशित: Томск, Изд-во ТПУ, 2012
विषय:
ऑनलाइन पहुंच:http://www.lib.tpu.ru/fulltext2/m/2012/m345.pdf
स्वरूप: इलेक्ट्रोनिक पुस्तक
KOHA link:https://koha.lib.tpu.ru/cgi-bin/koha/opac-detail.pl?biblionumber=218575

MARC

LEADER 00000nlm0a2200000 4500
001 218575
005 20240206144935.0
035 |a (RuTPU)RU\TPU\book\238605 
035 |a RU\TPU\book\238556 
090 |a 218575 
100 |a 20120622d2012 m y0rusy50 ca 
101 0 |a rus 
102 |a RU 
105 |a a j 001zy 
135 |a drgn ---uucaa 
181 0 |a i  
182 0 |a b 
200 1 |a Дифференциальное исчисление. Конспект лекций  |e учебное пособие  |f О. Н. Имас  |g Национальный исследовательский Томский политехнический университет (ТПУ) 
203 |a Текст  |c электронный 
210 |a Томск  |c Изд-во ТПУ  |d 2012 
300 |a Заглавие с титульного экрана 
330 |a Пособие представляет собой конспект лекций по курсу "Дифференциальное исчисление", который должен быть заполнен студентами, изучающими математику на неродном языке. Содержит необходимый теоретический материал для самостоятельной работы, адаптированный для иностранных студентов, точные формулировки определений и теорем. Доказательства и упражнения призваны развить высокую скорость конспектирования и выработать навык анализа и обсуждения на русском языке. Предназначено для иностранных студентов, изучающих математику на неродном языке. 
333 |a Режим доступа: из корпоративной сети ТПУ 
337 |a Adobe Reader 
488 1 |0 (RuTPU)RU\TPU\book\275106  |t Конспект лекций по курсу "Дифференциальное исчисление"  |o учебное пособие  |f О. Н. Имас  |g Национальный исследовательский Томский политехнический университет (ТПУ), Институт международного образования и языковой коммуникации (ИМОЯК), Кафедра междисциплинарная (МД)  |e 3-е изд.  |c Томск  |n Изд-во ТПУ  |d 2013  |a Имас, Ольга Николаевна 
606 1 |a Дифференциальное исчисление  |2 stltpush  |3 (RuTPU)RU\TPU\subj\9686  |9 36870 
610 1 |a электронный ресурс 
610 1 |a труды учёных ТПУ 
610 1 |a учебные пособия 
610 1 |a примеры 
610 1 |a задачи 
610 1 |a дифференциальные уравнения 
610 1 |a конспекты 
610 1 |a иностранные студенты 
610 1 |a самостоятельные работы 
675 |a 517.2(075.8)  |v 3 
700 1 |a Имас  |b О. Н.  |c математик  |c доцент Томского политехнического университета, кандидат физико-математических наук  |f 1967-  |g Ольга Николаевна  |3 (RuTPU)RU\TPU\pers\29543  |9 14079 
712 0 2 |a Национальный исследовательский Томский политехнический университет (ТПУ)  |c (2009- )  |3 (RuTPU)RU\TPU\col\15902 
801 1 |a RU  |b 63413507  |c 20120522 
801 2 |a RU  |b 63413507  |c 20140305  |g RCR 
856 4 |u http://www.lib.tpu.ru/fulltext2/m/2012/m345.pdf 
942 |c CF